Keyboard Shortcuts - Statistics

General Stats
  • This quiz has been taken 19 times
  • The average score is 10 of 15
Answer Stats
Hint Answer % Correct
Copy selected items to clipboard ctrl + c
100%
Cut selected items ctrl + x
100%
Bold test ctrl + b
94%
Undo an action ctrl + z
94%
Save the open document ctrl + s
89%
Redo an action ctrl + y
89%
Select all content ctrl + a
83%
Paste content from clipboard ctrl + v
83%
underline text ctrl + u
78%
Delete the selected item and move it to the Recycle Bin ctrl + d
72%
Open find box in Microsoft Word ctrl + f
61%
Open Task Manager ctrl + shift + esc
17%
View open apps ctrl + alt + tab
6%
Open the Start Menu ctrl + esc
6%
Close the active window ctrl + f4
0%
No matching quizzes found
Score Distribution
Percent of People with Each Score
Percentile by Number Answered
Your Score History
You have not taken this quiz